000 00981nam a2200229Ia 4500
003 GCL
008 140319s9999 xx 000 0 ara d
020 _a5445001977
040 _aGCL /
_cGCL
082 0 4 _aق
_b386.8095309
_bع ت
100 1 _aعبدالحميد حامد سليمان
245 1 0 _aتاريخ الموانئ المصرية فى العصر العثمانى /
_cعبدالحميد حامد سليمان
260 _aالقاهرة :
_bالهيئة المصرية العامة للكتاب ،
_c1995
300 _a467 ص ؛
_c22 سم
490 _aتاريخ المصريين
_v89
650 0 4 _aالتجارة البحرية
650 0 4 _aمصر - الاحوال السياسية
650 0 4 _aالموانئ - تاريخ - مصر - العصر العثمانى
650 0 4 _aمصر - الاحوال العسكرية - العصر العثمانى
650 0 4 _aمصر - الاحوال الاقتصادية - العصر العثمانى
942 _2ddc
_cBK
999 _c57380
_d57380